000 00850nam a22002417a 4500
005 20250805123235.0
010 _aDEC24SC ENG-142967 ENG-1463337
020 _a9789355019554
_c549.00
035 _aEN-126499
035 _aEN-129869
037 _bDBAD
082 _a510
_21
100 _aAnand Kumar
_983752
245 _a NTA CSIR - NET/JRF Mathematical Sciences LINEAR ALGEBRA 2024/
_cBy Anand Kumar; D.C.Mishra [and] Yogesh Kumar
250 _a1
260 _aNew Delhi
_bS Chand and Company Limited
_c2023
270 _a A-27, 2nd Floor, Mohan Co-operative Industrial Estate
_bNew Delhi
_e110044
_minfo@schandpublishing.com
_k011-49731800
300 _a308p.
_c26cm(pb)
500 _aFor IIT-JAM, GATE
700 _aYogesh Kumar
_eAuthor
_975019
700 _aMishra, D.C.
_eAuthor
_975020
942 _2ddc
_cEN
_h510
_mANA
_e1
999 _c207614
_d207614